|
|
|
|
| LEADER |
00000nam a22000007a 4500 |
| 005 |
20131127171210.0 |
| 007 |
cr|||| |||| |
| 008 |
131127s2012 sp |||||s|||| 00||0 spa d |
| 020 |
|
|
|a 978-84-9031-209-4
|
| 035 |
|
|
|a 11625
|
| 040 |
|
|
|a vLex
|
| 090 |
|
|
|c 4583
|d 4583
|
| 100 |
1 |
|
|a Monreal Gimeno, M® del Carmen
|
| 245 |
1 |
0 |
|a Juventud europea
|h [Recurso electrn̤ico] :
|b Valores y actitudes ante las instituciones democrt̀icas /
|c M® del Carmen Monreal Gimeno, Francisco Mateos Claros
|
| 256 |
|
|
|a Servicio en ln̕ea
|
| 260 |
|
|
|a Madrid :
|b Dykinson,
|c 2012
|
| 300 |
|
|
|a 1 recurso electrn̤ico
|
| 506 |
1 |
|
|a Contenido solo disponible en los productos indicados
|d vLex Global
|d vLex Global (Academic Edition, excluding Law Schools)
|d vLex Global (U.S. Academic Edition, Law Schools)
|d vLex Global (U.S. Academic Edition, excluding Law Schools)
|d vLex Global (Academic Edition, Law Schools)
|
| 650 |
0 |
4 |
|a Juventud
|z Europa
|
| 650 |
0 |
4 |
|a Institucions pb︢liques
|
| 700 |
1 |
|
|a Mateos Claros, Francisco
|
| 740 |
0 |
|
|a vLex Libros (Servicio en ln̕ea)
|
| 856 |
4 |
0 |
|u http://vlex.com/source/juventud-europea-valores-actitudes-instituciones-democraticas-11625
|z Acceso restringido
|
| 942 |
|
|
|c BOOK
|
| 999 |
0 |
|
|a Public institutions
|